The salt point /

Salvato in:
Dettagli Bibliografici
Autore principale: Russell, Paul (Autore)
Natura: Libro
Lingua:inglese
Pubblicazione: New York : Stonewall Inn, [c1990]
Tags: Aggiungi Tag
Nessun Tag, puoi essere il primo ad aggiungerne!!

MARC

LEADER 00000nam a22000007i 4500
001 IT\ICCU\UBO\2251599
003 ItRI
005 20260115231815.0
008 030718s1990 xxu|||||| ||||| |||||c
020 |a 031226769X 
040 |b ita  |c importazione bologna sebina 
041 7 |a eng  |2 ISO-639-2 
100 1 |a Russell, Paul  |0 IT\ICCU\CFIV\113368  |4 aut 
245 1 4 |a The salt point /  |c Paul Russell. 
260 |a New York :  |b Stonewall Inn,  |c [c1990] 
300 |a 210 p. ;  |c 21 cm. 
942 |2 ddc  |c BK  |n 0 
952 |0 0  |1 0  |4 0  |6 DOC_813_540000000000000_RUS  |7 0  |9 13120  |a BO  |b BO  |d 2026-01-15  |i 7480  |l 0  |o DOC 813.54 RUS  |p BO7480  |r 2026-01-15 23:18:15  |w 2026-01-15  |x [Sebina 5] [1 v.]  |y BK  |z 1 v. 
999 |c 11248  |d 11248